000 01114nam a22001937a 4500
999 _c63905
_d63905
003 Ge_BSU
005 20260217173138.0
008 260217s1972 ge ||||| |||| 00| 0 geo d
041 _ageo
080 _a63(479.22) კ-37
100 _aკახეთელიძე, მიხეილ
_926844
245 _aსაქართველოს სსრ სოფლის მეურნეობა და მისი განვითარების პერსპექტივები /
_cმიხეილ კახეთელიძე, ბექირ ხასია; ეკონომიკისა და სამართლის ინ-ტი.
264 _aთბილისი :
_bმეცნიერება,
_c1972.
300 _a82 გვ. ;
_b22 სმ.
653 _aსაქართველოს სოფლის მეურნეობა
700 _aხასია, ბექირ
_eავტორი
_926907
710 _aეკონომიკისა და სამართლის ინსტიტუტი.
_926706
942 _2udc
_cᲬᲘᲒᲜᲘ